| 000 | 00660cab a2200205 4500 | ||
|---|---|---|---|
| 001 | WB3032-81 | ||
| 008 | 090401t1994 xxu||||| |||| 00| 0 eng d | ||
| 035 | _a(Sirsi) u37153 | ||
| 041 | _aeng | ||
| 245 | _aVideo service | ||
| 260 | _c1994 | ||
| 350 | _a0 | ||
| 490 |
_aProperty Week _v48(9) 1 September 1994, 10(1) |
||
| 520 | _aThe Television Education Network and the RICS are launching a subscription video service to give surveyors a flexible way of gaining their CPD. | ||
| 650 | _aCONTINUING PROFESSIONAL DEVELOPMENT | ||
| 650 | _aVIDEOS | ||
| 690 | _aMANAGEMENT-BUSINESS MANAGEMENT-PROFESSIONAL PRACTICE | ||
| 942 | _n0 | ||
| 948 | _c04/03/1997 | ||
| 999 |
_c24037 _d24037 |
||